000 01014nas a2200313 4500
001 BR2012009044
003 BR-BrBNA
005 20231205121556.0
007 ta
008 230509b bl.|||p| |||| 00| 00por d
040 _aBR-BrBNA
_bpor
_cBiblioteca Nacional de Agricultura
041 _a(Pt)
072 _aL70; L74
100 1 _aSafatle, A.M.V.
100 1 _aHvenegaard, A.P.
100 1 _aGomes, D.
100 1 _aLeandro, D.C.
100 1 _aOtsuki, D.
100 1 _aLisak, R.
245 1 _aImportância do eletrorretinograma de campo total (Ful field ERG)em cães da raça Cocker Spaniel Inglês portadores de catarata
246 1 _aFull field electroretinogram in English Cocker Spaniels presenting cataracts
650 _aCÃO
650 _aOLHO
650 _aCATARATA
650 _aDIAGNÓSTICO
773 0 _tPesquisa Veterinária Brasileira (Brazil)
_xISSN 0100-736X
_g(Feb 2010), v. 30(2) p. 149-154
_wBR2012009044
909 _a202311
_bLúcia
_c55
_dLúcia Elande
942 _2AGRIS
_n0
_cANA
999 _c224194
_d224194